000
00270nam a2200109Ia 4500
008
200302s9999 xx 000 0 und d
100
_a
Christopher Alexander
245
_a
The timeless way of building
260
_b
Oxford University press
260
_c
1979
300
_a
549
999
_c
6619
_d
6619